000
00277pab a2200109 454500
008
180718b xxu||||| |||| 00| 0 eng d
100
_a
Rao, V.R.
245
_a
President election - is merit the sole criterion?
650
_a
President
773
_a
Financial Express
909
_a
22751
999
_c
22751
_d
22751